| 000 | 00925nam a2200241 u 4500 | ||
|---|---|---|---|
| 001 | 000350026 | ||
| 003 | AM-YeHGA | ||
| 005 | 20250618072205.0 | ||
| 008 | 040709s1976 ai r 000 0 arm d | ||
| 040 | _aAM-YeHGA | ||
| 041 | 0 | _aarm | |
| 080 | _aАр2 | ||
| 090 | _aՄ-99 | ||
| 100 | 1 |
_aՄուրադյան, Սուրեն Ստեփանի, _d1930- |
|
| 245 | 1 | 0 |
_aԿարմիր ասպետը : _b[Պոեմ] / _cՍ.Ս. Մուրադյան; Խմբ.՝ Է.Ա. Մակարյան; Նկ.՝ Պ.Հ. Մալայան. |
| 260 |
_aԵրևան : _bՍովետական գրող, _c1976. |
||
| 300 |
_a48 էջ : _bգունանկ. ; _c28 սմ. |
||
| 600 | 1 | 4 |
_aԳայ(Բժշկյան, Հայկ Դմիտրիի) _d1887-1937 |
| 650 | 1 | 4 |
_aՀայ գրականություն _xՊոեմ |
| 700 | 1 |
_aՄակարյան, Է.Ա. _eխմբ. _4edt |
|
| 700 | 1 |
_aՄալայան, Պետրոս Հովհաննեսի, _d1927-1995 _eնկ. _4art _92677 |
|
| 090 | _c135193 | ||
| 999 |
_c133826 _d133826 |
||